| 000 | 00961nas a2200325 4500 | ||
|---|---|---|---|
| 001 | BR0002898 | ||
| 003 | BR-BrBNA | ||
| 005 | 20231205101909.0 | ||
| 007 | ta | ||
| 008 | 230509b bl.|||p| |||| 00| 00por d | ||
| 040 |
_aBR-BrBNA _bpor _cBiblioteca Nacional de Agricultura |
||
| 041 | _a(Pt) | ||
| 072 | _aF30 | ||
| 100 | 1 | _aRibeiro, V.G. | |
| 100 | 1 | _aPasqual, M. | |
| 100 | 1 | _aRamos, J.D. | |
| 100 | 1 | _aCarvalho, G.R. | |
| 100 | 1 | _aOliveira Junior, A.F. de | |
| 245 | 1 | _aInfluencia do agar do pH sobre o cultivo in vitro de embrioes de laranja "Natal" | |
| 650 | _aLaranja | ||
| 650 | _aPropriedade Fisico-Quimica | ||
| 650 | _aEmbriao | ||
| 650 | _aMelhoramento Genetico Vegetal | ||
| 650 | _aCultura de Tecido | ||
| 650 | _aMeio de Cultura | ||
| 650 | _aAgar | ||
| 773 | 0 |
_tRevista Ceres (Brazil) _xISSN 0034-737X _g(Nov-Dec 1999), v. 46(268) p. 587-595 _wBR0002898 |
|
| 909 |
_a202311 _bLúcia _c55 _dLúcia Elande |
||
| 942 |
_2AGRIS _n0 _cANA |
||
| 999 |
_c164585 _d164585 |
||